banner-ar

PARENTS AND THEIR CHILDREN'S SCHOOL / (Record no. 23489)

MARC details
000 -الفاتح
حقل البيانات ثابتة الطول 00537nam a2200205Ia 4500
008 - عناصر البيانات ثابتة الطول - معلومات عامة
حقل البيانات ثابتة الطول 140319s9999 xx 000 0 eng d
040 ## - مصدر الفهرسة
وكالة الفهرسة الأصلية GCL /
وكالة النسخ GCL
082 04 - رقم تصنيف ديوى العشرى
رقم التصنيف 370.193
رقم المادة H P
100 1# - المدخل الرئيسى - إسم شخصى
الإسم الشخصى HUGHES, MARTIN
245 10 - بيان العنوان
العنوان PARENTS AND THEIR CHILDREN'S SCHOOL /
بيان المسئوليه,etc HUGHES, MARTIN
700 1# - المدخل الاضافى - اسم شخصى
الإسم الشخصى WIKELEY, FELICILY
700 1# - المدخل الاضافى - اسم شخصى
الإسم الشخصى NASH, TRICIA
260 ## - PUBLICATION, DISTRIBUTION, ETC. (IMPRINT)
تاريخ النشر أو التوزيع 1994
300 ## - الوصف المادى
التعداد 228 P
650 04 - المدخل الاضافى بالموضوع-مصطلح موضوعى
مصطلح موضوعي EDUCATION
650 04 - المدخل الاضافى بالموضوع-مصطلح موضوعى
مصطلح موضوعي GREAT BRITAIN
650 04 - المدخل الاضافى بالموضوع-مصطلح موضوعى
مصطلح موضوعي HOME AND SCHOOL
942 ## - عناصر المدخل الإضافي( كوها)
مصدر التصنيف او مخطط الترفيف Dewey Decimal Classification
Koha [default] item type كتاب
260 ## - PUBLICATION, DISTRIBUTION, ETC. (IMPRINT)
-- [S.N] :
-- BLACKWELL PUBLISHERS ،
Holdings
حالة التراجع حالة الفقد حالة تلف ليس للاعارة المكان المؤقت الموقع الحالى تاريخ الاكتساب اجمالي اﻻعارات رقم الطلب الباركود تاريخ اخر مشاهدة تاريخ تفعيل السعر نوع وعاء كوها
        مكتبة القاهرة الكبرى مكتبة القاهرة الكبرى 03/26/2014   370.193\H P 41885 03/26/2014 03/26/2014 كتاب

Powered By

EGPV